A text book of organic and physical chemistry / (Record no. 39242)

MARC details
000 -LEADER
fixed length control field 00782nam a22002177a 4500
005 - DATE AND TIME OF LATEST TRANSACTION
control field 2010080407137.0
010 ## - LCCN (DPL NO)
LC control number ENG-98023
020 ## - INTERNATIONAL STANDARD BOOK NUMBER
International Standard Book Number 9380060726
Terms of availability 200.00
020 ## - INTERNATIONAL STANDARD BOOK NUMBER
International Standard Book Number 9789380060729
Terms of availability 200.00
035 ## - SYSTEM CONTROL NUMBER
System control number EN-81556
037 ## - SOURCE OF ACQUISITION
Source of stock number/acquisition DBAD/PUB
082 ## - DEWEY DECIMAL CLASSIFICATION NUMBER
Classification number 547.3
100 ## - MAIN ENTRY--PERSONAL NAME
Personal name Gohulavani,G.
245 ## - TITLE STATEMENT
Title A text book of organic and physical chemistry /
Statement of responsibility, etc by G. Gohulavani
260 ## - PUBLICATION, DISTRIBUTION, ETC. (IMPRINT)
Place of publication, distribution, etc Salem
Name of publisher, distributor, etc M.S.K. Publications
Date of publication, distribution, etc 2009
270 ## - ADDRESS
Address 3/189-E, Athanoor Amman Kovil St.
City Salem
Postal code 636103
300 ## - PHYSICAL DESCRIPTION
Extent 115p.
Dimensions 20cm (pbk)
650 ## - SUBJECT ADDED ENTRY--TOPICAL TERM
Topical term or geographic name as entry element Physical organic chemistry
942 ## - ADDED ENTRY ELEMENTS (KOHA)
Source of classification or shelving scheme Dewey Decimal Classification
Item type English Books
Classification part 547.3
Call number suffix GOH
Holdings
Withdrawn status Lost status Not for loan Collection code Home library Current library Date acquired Source of acquisition Cost, normal purchase price Full call number Barcode Copy number Cost, replacement price Koha item type
    Not For Loan Non-fiction D.B.Act.Division D.B.Act.Division 04/08/2010 DBAD/PUB 200.00 547.3 GOH EN-81556 1 200.00 English Books

© Delhi Public Library
Hit Counter
free hit counter